Statistics for Roman Empire

Click here to take the quiz!

General Stats

  • This quiz has been taken 9 times
  • The average score is 30 of 48

Answer Stats

HintAnswer% Correct
EuropeGermany
100%
EuropeItaly
100%
Europe/AsiaRussia
100%
EuropeUnited Kingdom
100%
AfricaAlgeria
88%
Asia/AfricaEgypt
88%
EuropeFrance
88%
AfricaMorocco
88%
EuropePortugal
88%
EuropeSpain
88%
EuropeAndorra
75%
EuropeAustria
75%
EuropeBelguim
75%
AsiaIsrael
75%
EuropeSerbia
75%
EuropeAlbania
63%
Europe/AsiaAzerbaijan
63%
EuropeGreece
63%
EuropeHungary
63%
EuropeLiechtenstein
63%
EuropeLuxembourg
63%
EuropeMalta
63%
EuropeMonaco
63%
EuropeNetherlands
63%
EuropeRomania
63%
EuropeSan Marino
63%
AsiaSaudi Arabia
63%
EuropeSwitzerland
63%
AsiaSyria
63%
Europe/AsiaTurkey
63%
EuropeUkraine
63%
AsiaArmenia
50%
EuropeBulgaria
50%
EuropeCroatia
50%
Europe/AsiaGeorgia
50%
AsiaJordan
50%
AfricaLibya
50%
AfricaTunisia
50%
EuropeVatican City
50%
EuropeBosnia and Herzegovina
38%
AsiaIraq
38%
EuropeKosovo
38%
AsiaKuwait
38%
AsiaLebanon
38%
EuropeMontenegro
38%
EuropeNorth Macedonia
38%
EuropeSlovenia
38%
AsiaPalestine
25%

Score Distribution

Percentile by Number Answered

Percent of People with Each Score

Your Score History

You have not taken this quiz